000 01067nam a22003257a 4500
001 BR0504658
003 BR-BrBNA
005 20230928102021.0
007 ta
008 230509b bl.||||| |||| 00| 0 por d
040 _aBR-BrBNA
_bpor
_cBiblioteca Nacional de Agricultura
041 _a(Por)
072 _aL10; E16
_b5300
090 _ 5300 BR0504658
110 1 _aAssociação Brasileira de Criadores de Suínos, Estrela, RS (Brasil)
_9266
110 1 _aMinistério da Agricultura e do Abastecimento, Brasília, DF (Brasil)
_96726
111 1 _a9. Seminário Nacional de Desenvolvimento da Suinocultura
_cGramado, RS (Brazil)
_d25-27 Apl 2001
245 1 _aRelatório do registro genealógico e provas zootecnicas 2000
260 3 _aEstrela, RS (Brasil):
_c2001.
300 _a58 p.
500 _a46 tables; 34 illus.
650 _aSUINOCULTURA
650 _aREGISTRO GENEALÓGICO
650 _aRAÇA
650 _aDADOS ESTATÍSTICOS
650 _aIMPORTAÇÃO
650 _aEXPORTAÇÃO
909 _a202309
_bLucia
_c55
_dLucia Elande
942 _cBK
999 _c68723
_d68723